000 00699nam a2200229 i 4500
001 18075
003 ES-MaACL
005 20230906151742.0
007 t|
008 010919s1968 fr ||||1| fre d
080 _a821.161.1-31"19"
100 1 _aSolzhenitsyn, Aleksandr Isaevich.
_9107256
245 1 3 _aLe premier cercle /
_cAlexandre Soljenitsyne ; traduit du russe par Henri-Gabriel Kybarthi.
260 _aParis :
_bRobert Laffont,
_c[1968]
300 _a576 p. ;
_c24 cm.
490 1 _aPavillons
500 _aBiblioteca Juan Andrade.
700 1 _aKybarthi, Henri-Gabriel.
_969100
830 0 _aPavillons
_9228769
852 _aES-MaACL
_jAND-87
_bR.109412
999 _c18075
_d18075